Statistiken für Quiz Geschichte: 1450-1750

Klicken Sie hier um das Quiz zu spielen!

Allgemein

  • Dieses Quiz wurde 133 mal gespielt
  • Das Durchschnittsergebnis liegt bei 8 aus 12

Antwortstatistiken

FrageAntwort% Korrekt
In welcher Stadt ereignete sich der "Fenstersturz", der den 30 jährigen Krieg startete? (1618)Prag
86%
Welche Stadt gilt als Geburtsort der Renaissance? (Um 1450)Florenz
85%
Welche Stadt wurde zum zweiten mal 1683 von den Osmanen erfolglos belagert?Wien
74%
Welches Land hat als erstes Kolonien in der neuen Welt (Amerika) errichtet? (Um 1500)Spanien
73%
Welches Land gilt als kulturelles sowie politisches Zentrum Europas im 17. Jahrhundert?Frankreich
69%
Wie hieß der erste Seefahrer, der die Welt umrundete? (1522)Ferdinand Magellan
66%
Welcher Mensch gilt als Schlüsselfigur im Zeitalter der Aufklärung? (Um 1720)Voltaire
57%
Welches Land regierte Ivan der Schreckliche? (1533–1584)Moskau
54%
Welcher Herrscher wird auch "der Prächtige" genannt (um 1540)Süleyman der I (Osmanisches Reich)
53%
Wo wurde die erste große Kolonie Großbritanniens gegründet ? (1607)An der amerikanischen Ostküste
46%
Welchen Titel hatte Friedrich der III, der mit seiner Krönung das Ende des Herzogtums in Preußen einläutete? (1701)König in Preußen
45%
In welchen Land wurde die ersten Aktiengesellschaft gegründet? (1602)Holland
42%

Verteilung der Resultate

Perzentil nach korrekt beantworteten Fragen

Anzahl Personen mit jedem Resultat

Ihre Resultats-Entwicklung

Sie haben dieses Quiz noch nicht gespielt